000 00635nam a2200277Ia 4500
005 20260324132806.0
008 008 260324s9999 xx 000 0 eng d
020 _a9780203010136
037 _aEBOOK
040 _aCRL
040 _beng
040 _cCRL
041 _2eng
041 _aeng
084 _qCRL
100 _aDavid R. Woodward
_91190637
245 0 _aLloyd George and the Generals
260 _bTaylor and Francis
260 _c2004
365 _a
365 _b240
856 _uhttp://www.taylorfrancis.com/books/9780203010136
942 _cEBOOK
999 _c1789043
_d1789043